LEADER 01033nam0 22002651i 450 001 RML0234691 005 20231121125700.0 100 $a20121121d1995 ||||0itac50 ba 101 | $aita 102 $ait 181 1$6z01$ai $bxxxe 182 1$6z01$an 200 1 $aFinanza d'impresa$eLogiche e strumenti di gestione finanziaria: modelli contabile e modello del valore$fLuigi Brusa, Luciano Zamprogna$gcon la collaborazione di Silvano Guelfi 210 $aMilano $cETAS Libri $d1995 215 $aviii,358 p.$cfig. tab.$d24 cm. 700 1$aBRUSA$b, Luigi$3RMLV149452$0108802 701 1$aZAMPROGNA$b, Luciana$3RMLV149451$0369581 801 3$aIT$bIT-01$c20121121 850 $aIT-FR0098 899 $aBiblioteca Area Giuridico Economica$bFR0098 912 $aRML0234691 950 0$aBiblioteca Area Giuridico Economica$d 53IMP 658.1/56$e 53VM 0000031115 VM barcode:ECO006960VM$fA $h19961127$i20121204 977 $a 53 996 $aFinanza d'impresa$9466872 997 $aUNICAS LEADER 02690oam 2200577 450 001 9910783476503321 005 20230617011349.0 010 $a90-474-0227-8 010 $a1-4237-1449-0 035 $a(CKB)1000000000033051 035 $a(EBL)253612 035 $a(OCoLC)475966287 035 $a(SSID)ssj0000129907 035 $a(PQKBManifestationID)12000043 035 $a(PQKBTitleCode)TC0000129907 035 $a(PQKBWorkID)10079128 035 $a(PQKB)10592410 035 $a(OCoLC)646738362 035 $a(MiAaPQ)EBC253612 035 $a(EXLCZ)991000000000033051 100 $a20130411d2003 fy 0 101 0 $aeng 135 $aur||||||||||| 181 $ctxt$2rdacontent 181 $csti$2rdacontent 182 $cc$2rdamedia 183 $acr$2rdacarrier 200 04$aThe context of scripture online /$fWilliam W. Hallo, general editor ; K. Lawson Younger, associate editor 210 1$aLeiden :$cBrill,$d2003. 215 $a1 online resource ;$cillustrations 300 $aDescription based upon print version of record. 300 $a"Canonical Compositions, Monumental Inscriptions and Archival Documents from the Biblical World" - publisher's website. 311 $a90-04-13105-1 320 $aIncludes bibliographical references and index. 327 $av. 1. Canonical compositions from the biblical world -- v. 2. Monumental inscriptions from the biblical world -- v. 3. Archival documents from the biblical world -- Preface to volume 4. 330 $aThe Context of Scripture Online illuminatingly presents the multi-faceted world of ancient writing that forms the colorful background to the literature of the Hebrew Bible. Designed as a thorough and enduring reference work for all engaged in the study of the Bible and the ancient Near East, the Context of Scripture Online provides reliable access to a broad, balanced, and representative collection of Ancient Near Eastern texts that have an impact on the interpretation of the Bible. Each entry includes an introduction to the text, an authoritative translation, commentary, and bibliographic references. 606 $aMiddle Eastern literature$xRelation to the Old Testament 606 $aMiddle Eastern literature$vTranslations into English 615 0$aMiddle Eastern literature$xRelation to the Old Testament. 615 0$aMiddle Eastern literature 676 $a220.9/5 702 $aHallo$b William W. 702 $aYounger$b K. Lawson$cJr., 801 0$bMiAaPQ 801 1$bMiAaPQ 801 2$bMiAaPQ 801 2$bNACU:E 906 $aBOOK 912 $a9910783476503321 996 $aThe context of scripture online$93762028 997 $aUNINA